00657nam a2200169Ia 4500008004100000020002200041050001900063100003100082245005900113260002500172300002000197440001400217504007300231650005500304952011100359999001700470120721s9999 xx 000 0 und d a9,7884989212e+012 aQP353 G66 2010 aGonzález Alvarez, Julio. aBreve historia del cerebro / Julio González Alvarez. aEspaña : Crítica a332 p. ; 24 cm. aDrakontos aIncluye referencias bibliográficas (p. [307]-314) e índice.  a1. Cerebro. 2. Neurociencias -- Historia. Ì 00104070a21b21d2011-09-20l6m1oQP353 G66 2010p21 000019r2024-12-05s2016-02-03t1w2012-07-20yLB c83095d83095